|
|
|
|
| LEADER |
00000cam a2200000 7i4500 |
| 001 |
0000012654 |
| 005 |
20241021.0 |
| 008 |
030915 my a may |
| 020 |
|
|
|a 9676100358
|
| 040 |
|
|
|a INS
|b eng
|e rda
|
| 090 |
0 |
0 |
|a HD37
|b .A27 1996
|
| 100 |
1 |
|
|a Ahmad Atory Hussain ,
|e author
|
| 245 |
1 |
0 |
|a Pengurusan sumber dalam organisasi awam dan swasta
|c Dr Ahmad Atory Hussain
|
| 264 |
|
1 |
|a Kuala Lumpur :
|b Utusan Publication
|c 1996
|
| 300 |
|
|
|a x, 417 pages :
|b illustrations ;
|c 22 cm.
|
| 336 |
|
|
|a text
|2 rdacontent
|
| 337 |
|
|
|a unmediated
|2 rdamedia
|
| 338 |
|
|
|a volume
|2 rdacarrier
|
| 650 |
|
0 |
|a Management
|
| 999 |
|
|
|a 0000009014
|b BOOK
|c Open Shelf
|e Default branch
|